| 000 | 00685nam a2200193Ia 4500 | ||
|---|---|---|---|
| 008 | 151121s9999||||xx |||||||||||||| ||und|| | ||
| 082 | _a833/जाधव | ||
| 082 | _bHNW-71138 | ||
| 100 | _aजाधव टी। के। | ||
| 245 | _aयह तुम क्या कर रहे हो ? | ||
| 260 | _b"शान्ताई प्रकाशन, पंढरपुर ।" | ||
| 260 | _c-- | ||
| 300 | _a45 | ||
| 600 | _aजाधव टी। के। | ||
| 630 | _aयह तुम क्या कर रहे हो ? | ||
| 700 | _aजाधव टी। के। | ||
| 730 | _aयह तुम क्या कर रहे हो ? | ||
| 942 | _cBOOK | ||
| 999 |
_c1252608 _d1252605 |
||